| 000 | 00469nam a2200169 a 4500 | ||
|---|---|---|---|
| 001 | 0000-8678 | ||
| 003 | ELIB.Books | ||
| 008 | 110520 1979 | ||
| 035 | _a(ELIB.Books)0000-8824 | ||
| 082 |
_a266 _bHoc |
||
| 100 | _aHockstra, Harvey T. | ||
| 245 | _aThe World Council of Churches and the Demise of Evangelism | ||
| 260 |
_bWheaton: Tyndale House Publishers, Inc. _c1979 |
||
| 650 | _aMission | ||
| 942 |
_2ddc _cBK |
||
| 998 |
_cbat _e2011-05-20 |
||
| 999 |
_c8678 _d8678 |
||